Bilecik Bilecik Bilecik Bilecik Bilecik

Temel elektronik ve robotlar: çıraklar için robot yapımına giriş kitabı/ (Record no. 52174)

MARC details
000 -BAŞLIK
Sabit Uzunluktaki Kontrol Alanı 00942nam a22003017a 4500
001 - KONTROL NUMARASI
Control Dosyası 0052357
003 - KONTROL NUMARASI KİMLİĞİ
Kontrol Alanı KOHA_MİRAKIL
005 - EN SON İŞLEM TARİHİ ve ZAMANI
Kontrol Alanı 20260207003839.0
007 - FİZİKSEL TANIM SABİT ALAN - GENEL BİLGİ
Sabit uzunluklu kontrol alanı ta
008 - SABİT UZUNLUKTAKİ VERİ ÖGELERİ - GENEL BİLGİ
Sabit Alan 150629b2014 xx |||gr||||#||||0| |
020 ## - ISBN - ULUSLARARASI STANDART KİTAP NUMARASI
Isbn 9789944711906
040 ## - KATALOGLAMA KAYNAĞI
Özgün Kataloglama Kurumu TR-BiSEU
Kataloglama Dili tur
Çeviri Kurumu TR-BiSEU
Açıklama Kuralları rda
050 ## - SINIFLAMA ve YER NUMARASI
Sınıflama Numarası TJ211
Yer Numarası .B34 2014
100 0# - KİŞİ ADI
Yazar Adı (Kişi adı) Bahtiyar, Ziya.
245 1# - ESER ADI BİLDİRİMİ
Başlık Temel elektronik ve robotlar: çıraklar için robot yapımına giriş kitabı/
Sorumluluk Bildirimi Bahtiyar, Ziya ; Ziya Bahtiyar; Barış Yücel Turan.
250 ## - BASIM BİLDİRİMİ
Basım Bildirimi Güncellenmiş 3. Baskı
264 #1 - ÜRERİM, YAYIN, DAĞITIM ve TELİF BİLDİRİMİ
Yayın yeri İstanbul :
Yayınlayan Pusula
Yayın tarihi 2014
300 ## - FİZİKSEL TANIMLAMA
Sayfa, Cilt vb. 240 sayfa: resimli; 25 cm.
336 ## - İÇERİK TÜRÜ
Content type term metin
Content type code txt
Source rdacontent
337 ## - MEDYA TÜRÜ
Media type term aracısız
Media type code n
Source rdamedia
338 ## - TAŞIYICI TÜRÜ
Carrier type term cilt
Carrier type code nc
Source rdacarrier
490 1# - DİZİ BİLDİRİMİ
Dizi Bildirimi Pusula ;
Cilt Numarası 259.
650 #0 - KONU BAŞLIĞI EK GİRİŞ - KONU TERİMİ
Konusal terim veya coğrafi ad Electronics.
9 (RLIN) 3035
650 #0 - KONU BAŞLIĞI EK GİRİŞ - KONU TERİMİ
Konusal terim veya coğrafi ad Electronic circuits.
9 (RLIN) 4347
650 #0 - KONU BAŞLIĞI EK GİRİŞ - KONU TERİMİ
Konusal terim veya coğrafi ad Robots.
9 (RLIN) 97753
830 1# - SERİ EK GİRİŞİ - TEKBİÇİM ESER ADI
Tekbiçim Başlık Pusula ;
Volume number/sequential designation 259.
9 (RLIN) 3160
942 ## - EK GİRİŞ ÖGELERİ (KOHA)
Source of classification or shelving scheme Library of Congress Classification
Koha item type Book
Holdings
Materyal Türü Kalıcı Konum Mevcut Konum Raf Yeri Sınıflandırma Kaynağı Edinim Bilgisi Ana Konular Alt Konular Yer Numarası Demirbaş Numarası Fatura Tarihi Maliyet, Alış Fiyatı Maliyet, Yenileme Fiyatı Geri Çekilme Durumu Kayıp Durumu Hasarlı Durumu Kredi için değil Kayıt Tarih Toplam Ödünçverme Son Görülme Tarihi Son Kontrol Tarihi Satın Alma Notu
Book Prof. Dr. Azmi Özcan Kütüphanesi Prof. Dr. Azmi Özcan Kütüphanesi Birûni Salonu Library of Congress Classification Satın TEKNOLOJİ Makine Mühendisliği ve Makineler TJ211 .B34 2014 0052357 07/07/2015 15.51 15.51         29/06/2015 2 05/12/2024 05/12/2024 B-984687 - B-984797